00679nam a22002057a 4500001001000000003000500010005001700015008004100032010001000073011001000083035001000093040000900103110005800112245006700170260004100237300002100278490006600299650004200365830006600407000040917CHAP20220329135639.0971013s1966 r 00010 d a39859 a40831 a44957 cCHAP2 aE.U.A. Department of Defense. Office of Civul Defense10aUrban planner's manual for preparing a community shelter plan. aWashington :bThe Department,c1966. a63 h. :b: ilus. aFederal civil defense guide. Part D, chapterv; 3 appendix; 214aRadioactividadxMedidas de seguridad.0 aFederal civil defense guide. Part D, chapterv; 3 appendix; 2